Legislação do inquilinato (Registro nro. 163850)
[ vista simple ]
| 000 -LEADER | |
|---|---|
| fixed length control field | 01089nam a22002537a 4500 |
| 007 - PHYSICAL DESCRIPTION FIXED FIELD--GENERAL INFORMATION | |
| fixed length control field | cr|||| |||| |
| 008 - FIXED-LENGTH DATA ELEMENTS--GENERAL INFORMATION | |
| fixed length control field | 150811s2013 br |||||s|||| 00||0 por d |
| 020 ## - INTERNATIONAL STANDARD BOOK NUMBER | |
| International Standard Book Number | 978-85-65017-04-6 |
| 035 ## - | |
| -- | 12769 |
| 040 ## - CATALOGING SOURCE | |
| Original cataloging agency | vLex |
| 090 ## - | |
| -- | 5509 |
| -- | 5509 |
| 100 1# - MAIN ENTRY--PERSONAL NAME | |
| Personal name | Krieger, Olga Maria |
| 245 10 - TITLE STATEMENT | |
| Title | Legislação do inquilinato |
| Medium | [Recurso electrónico] : |
| Remainder of title | Coletânea prática / |
| Statement of responsibility, etc | Olga Maria Krieger, Luiz Fernando de Queiroz |
| 256 ## - | |
| -- | Servicio en línea |
| 260 ## - PUBLICATION, DISTRIBUTION, ETC. (IMPRINT) | |
| Place of publication, distribution, etc | Curitiba: |
| Name of publisher, distributor, etc | Bonijuris, |
| Date of publication, distribution, etc | 2013 |
| 300 ## - PHYSICAL DESCRIPTION | |
| Extent | 1 recurso electrónico |
| 506 1# - RESTRICTIONS ON ACCESS NOTE | |
| Terms governing access | Disponible solo en los productos indicados |
| Authorized users | vLex Global |
| -- | vLex Global (Academic Edition, excluding Law Schools) |
| -- | vLex Global (U.S. Academic Edition, Law Schools) |
| -- | vLex Global (U.S. Academic Edition, excluding Law Schools) |
| -- | vLex Global (Academic Edition, Law Schools) |
| 650 04 - SUBJECT ADDED ENTRY--TOPICAL TERM | |
| Topical term or geographic name as entry element | Derechos Reales |
| Geographic subdivision | Brasil |
| 700 1# - ADDED ENTRY--PERSONAL NAME | |
| Personal name | de Queiroz, Luiz Fernando |
| 740 0# - | |
| -- | vLex Libros (Servicio en línea) |
| 856 40 - LOCALIZACIÓN Y ACCESO ELECTRÓNICO | |
| Identificador Uniforme del Recurso (URI/URL) | https://app.vlex.com/#/sources/legisla-o-inquilinato-colet-nea-pratica-12769 |
| 942 ## - | |
| -- | RAA |
| 999 ## - | |
| -- | 163850 |
| -- | 163850 |
No hay ítems disponibles.